000 00370nam a2200133 i 4500
001 bg
100 1 _aLENARTOWICZ, Maria
245 0 _aPrzepisy katalogowania książek.
_nCz. 1,
_pOpis bibliograficzny.
260 _aWarszawa :
_bStowarzyszenie Bibliotekarzy Polskich,
_c1983.
040 _cBPK
041 _apol
942 _cKS
008 s pl f |000 0 pol
999 _c2029
_d2029
856 _uhttp://koha.tu.koszalin.pl/cgi-bin/koha/opac-detail.pl?biblionumber=2029
_yKatalog online BPK